Synthesis and Implementation of Model Predictive Control dissertation thesis

Saved in:
Bibliographic Details
Main Author: Takács, Bálint
Format: Book
Language:English
Published: Bratislava STU FCHPT 2016
Online Access:View in OPAC
Tags: Add Tag
No Tags, Be the first to tag this record!

MARC

LEADER 00000nam a2200000 a 4500
005 20260127133958.0
008 170404 2016 xo 001 0 eng d
035 |a vtls011621822 
039 9 |y 201704040929  |z mschk03 
040 |a STUSCHK1  |b slo  |c STUSCHK1  |e AACR2 
100 1 |a Takács, Bálint 
245 1 |a Synthesis and Implementation of Model Predictive Control  |b dissertation thesis  |c Bálint Takács 
260 |a Bratislava  |b STU FCHPT  |c 2016 
300 |a 176 s.  |b il.  |c 25 cm 
500 |a Study programme: Process Control 
500 |a Study field: Automation 
500 |a Workplace: Department of Information Engoneering and Process Control 
500 |a Reg.No.: FCHPT-19990-50950 
910 |a SCHK95 
999 |c 1366  |d 1366